[Event "Offerspill Invitational 2020"]
[Site "Oslo"]
[Date "2020.06.15"]
[Round "6.1"]
[White "Haug, Johannes"]
[Black "Johansson, Linus"]
[Result "1-0"]
[WhiteElo "2431"]
[BlackElo "2476"]
[Annotator "TA"]
[PlyCount "75"]
[EventDate "2020.06.10"]
[EventType "swiss"]
[EventCountry "NOR"]
[SourceTitle "playchess.com"]
[Source "ChessBase"]
[SourceQuality "1"]

{[%evp 15,75,12,26,8,12,10,24,22,35,35,42,30,46,34,66,70,152,151,285,287,303,295,285,289,322,277,282,264,285,266,260,278,304,286,345,344,329,346,328,336,327,310,331,353,331,332,604,528,29985,29986,29986,29987,29987,29988,29990,29991,29991,29991,29991,29982,29992,29993]} 1. e4 e6 2. d4 d5 3. Nc3 Nf6 4. e5 Nfd7 5. f4 c5 6. Nf3 Nc6 7. Be3 a6 8. Qd2 b5 9. Nd1 {C11: French: Classical System: 4 e5 and 4 Bg5 dxe4.} cxd4 10. Nxd4 Qc7 11. c3 {White has an edge.} Be7 {[#]} 12. Bd3 $146 ({Predecessor:} 12. Be2 Bb7 13. O-O Nc5 14. Nf2 f5 15. exf6 Bxf6 16. Nxb5 axb5 17. Bxc5 Ba6 18. b4 {1-0 (26) Kostin,A (2299)-Manelis,V (2258) Voronezh 2013}) 12... Nc5 13. Bc2 Ne4 14. Qe2 b4 15. c4 Bh4+ (15... O-O $14) 16. g3 $16 Bxg3+ (16... Be7 $16 17. cxd5 Nxd4 18. Bxd4 exd5) 17. hxg3 $18 Nxg3 18. Qg2 Nxd4 19. Bxd4 Nxh1 20. Ne3 (20. cxd5 Bb7 $16) 20... Bb7 21. Ba4+ (21. Qxh1 dxc4 22. Qh4 Kf8 $14) ({But not} 21. cxd5 $6 O-O-O $16) 21... Kf8 22. cxd5 Rd8 {[%cal Rd8d5]} 23. Bb3 ({Not} 23. Qxh1 Bxd5 24. Nxd5 Rxd5 $16) 23... a5 24. Qxh1 a4 25. Bxa4 Bxd5 26. Nxd5 Rxd5 27. Be3 h5 28. Bb3 Rd8 29. Rc1 Qb8 30. Qe4 {f5 is the strong threat.} g6 $2 {[#]} (30... h4 31. Kf2 Rc8 32. Qxb4+ {[%mdl 64] Deflection} Qxb4 33. Rxc8+ Ke7 34. Bc5+ (34. Rxh8 g5 $18) 34... Kd7 35. Bxb4 Rxc8) 31. Bxe6 $1 {[%mdl 512]} Kg7 {[#]} (31... fxe6 32. Qxg6) 32. Bxf7 $1 {[%mdl 512] White mates.} Kxf7 33. Rc6 Rh6 34. f5 {[%mdl 64] Discovered Attack} Re8 35. Qd5+ Kg7 36. Bxh6+ Kh8 37. Bf4 Qa7 38. Rxg6 {Black got outplayed after the opening. Accuracy: White = 100%, Black = 54%.} 1-0

[Event "Offerspill Invitational 2020"]
[Site "Oslo"]
[Date "2020.06.15"]
[Round "6.2"]
[White "Pantzar, Milton"]
[Black "Haldorsen, Benjamin"]
[Result "1/2-1/2"]
[WhiteElo "2417"]
[BlackElo "2458"]
[Annotator "TA"]
[PlyCount "104"]
[EventDate "2020.06.10"]
[EventType "swiss"]
[EventCountry "NOR"]
[SourceTitle "playchess.com"]
[Source "ChessBase"]
[SourceQuality "1"]

{[%evp 19,104,26,29,0,4,0,12,-4,-24,-43,-30,-42,-29,-38,-12,-45,-45,-36,-49,-46,0,0,4,-6,0,0,-13,-21,0,-6,18,-74,-32,-32,-31,-33,-39,-39,-32,-38,-38,-38,-38,-38,-33,-39,-16,-16,-7,-14,0,0,0,-23,0,0,0,-17,0,0,0,0,0,-25,-25,-25,0,0,0,-25,0,0,0,-25,-25,-25,0,-67,-67,-67,-67,-67,-33,-33,-25,-25,-25]} 1. d4 g6 2. c4 Bg7 3. Nf3 Nf6 4. g3 c5 5. d5 O-O 6. Bg2 e6 7. O-O exd5 8. cxd5 d6 9. Nc3 Qe7 10. Bf4 Nbd7 11. h3 {A62: Modern Benoni: Fianchetto Variation without early ...Nbd7.} Nh5 12. Bg5 f6 $1 {[%cal Rf6g5]} 13. Bc1 {The position is equal.} f5 14. e4 f4 $1 15. g4 Nhf6 16. Bxf4 {And now e5 would win.} Nxg4 17. Bg3 (17. Bc1 {feels hotter.} Ngf6 18. Ng5 Ne5 19. f4 Nf7 20. f5) 17... Nge5 18. Nxe5 Nxe5 {[#]} 19. f4 $146 ({Predecessor:} 19. Qe2 g5 20. f4 gxf4 21. Bxf4 Bd7 22. Bg3 Ng6 23. Rxf8+ Rxf8 24. Rf1 Rxf1+ 25. Qxf1 {0-1 (40) Bulski,K (2534)-Alekseev,E (2714) Kazan 2013}) 19... Nf7 20. Qd2 Bd7 21. Rae1 Rae8 22. Kh1 b6 23. Nd1 Qd8 24. Ne3 g5 25. Nc4 (25. f5 $11) 25... Bb5 26. b3 gxf4 27. Rxf4 Bxc4 $1 28. bxc4 Ne5 29. Qe2 Ng6 30. Rxf8+ Rxf8 31. Qg4 Kh8 32. Rf1 Rxf1+ 33. Bxf1 Be5 34. Bf2 Qf6 35. Qf5 Kg7 36. Kg2 h6 37. Kf3 Bd4 38. Bg3 (38. Qxf6+ {looks sharper.} Kxf6 39. Bg3 Be5 40. Bf2 h5 41. Be2) 38... Be5 (38... Ne5+ {is interesting.} 39. Bxe5 Bxe5 40. h4 Bc3 41. Bd3 h5) 39. Bf2 h5 (39... Qe7 {is more complex.} 40. Qg4 Qf7+ 41. Qf5 Qe8 42. Kg2 Nf4+) 40. Qxf6+ Kxf6 $11 {[%mdl 4096] Endgame KBB-KBN} 41. Bd3 Bd4 {[#] White must now prevent ...Ne5+.} 42. Bg3 Be5 43. Be1 Bd4 44. Bg3 Be5 45. Be1 Bb2 46. Bg3 Ne5+ 47. Ke2 Bc1 48. Bxe5+ (48. Bh4+ $11 Bg5 49. Be1) 48... Kxe5 $15 49. Kd1 Bg5 50. Kc2 Kf4 51. Be2 h4 52. Kd3 Bf6 {Accuracy: White = 77%, Black = 83%.} 1/2-1/2

[Event "Offerspill Invitational 2020"]
[Site "Oslo"]
[Date "2020.06.15"]
[Round "6.3"]
[White "Djurhuus, Rune"]
[Black "Nilsen, Joachim Birger"]
[Result "1/2-1/2"]
[WhiteElo "2437"]
[BlackElo "2411"]
[Annotator "TA"]
[PlyCount "110"]
[EventDate "2020.06.10"]
[EventType "swiss"]
[EventCountry "NOR"]
[SourceTitle "playchess.com"]
[Source "ChessBase"]
[SourceQuality "1"]

{[%evp 11,110,-5,8,10,16,14,16,21,25,-2,0,-2,0,0,0,-12,32,0,0,0,25,25,45,35,136,-6,369,166,153,135,117,120,122,-5,0,-48,-35,-55,-51,-65,0,0,0,0,-35,-83,-50,-68,0,0,102,104,139,155,138,112,106,109,124,0,0,-2,0,0,0,-10,-14,-24,0,0,0,0,0,0,0,0,0,0,0,25,0,9,1521,0,0,0,0,0,0,0,0,0,0,0,0,0,0,0,0,0,0]} 1. Nf3 d5 2. d4 Nf6 3. Bf4 e6 4. e3 c5 5. Nbd2 Nc6 6. c3 cxd4 7. exd4 {D02: 1 d4 d5 2 Nf3 sidelines, including 2...Nf6 3 g3 and 2...Nf6 3 Bf4.} Nh5 8. Be3 Bd6 9. Ne5 g6 10. f4 (10. Ndf3 {looks sharper.} f6 11. Ng4 O-O 12. g3 Kh8 13. Bg2) 10... f6 11. Nd3 O-O 12. g4 $36 {[%mdl 2048] White is more active.} Ng7 13. Bg2 {[#]} Bc7 $146 ({Predecessor:} 13... e5 14. Bxd5+ Kh8 15. Bxc6 bxc6 16. O-O exd4 17. Bxd4 Ne6 18. Be3 Ba6 19. c4 Bc7 {½-½ (58) Gochelashvili,D (2425)-Sarana,A (2472) Sochi 2017}) 14. Qf3 b6 15. O-O-O a5 16. h4 a4 17. h5 Ba6 {[#]} (17... gxh5 $14 18. Nf1 Qe8) 18. c4 (18. hxg6 $1 $16 Bxd3 19. f5 hxg6 20. Bh6 Bxf5 21. Bxg7 (21. gxf5 Nxf5 22. Bxf8 Qxf8 $16) 21... Kxg7 22. gxf5) 18... dxc4 $2 {[%mdl 8192]} (18... gxh5 $11 {and Black is okay.} 19. f5 (19. cxd5 Ne7 $11) 19... Qe7) 19. Qxc6 (19. hxg6 $142 hxg6 20. Qxc6 (20. Qh3 Kf7 $18) 20... cxd3 21. Qxa8 Qxa8 22. Bxa8 Rxa8 23. Rh6) 19... cxd3 $18 20. Qxa8 Qxa8 21. Bxa8 Rxa8 22. h6 (22. hxg6 $16 hxg6 23. Rh6) 22... Ne8 $11 23. Kb1 Bb7 {[%mdl 1024] Black has compensation.} 24. Rhg1 b5 $1 25. Rc1 Bb6 (25... Ba5 $15) 26. Rc3 Nc7 27. Rxd3 Nd5 28. Re1 Rd8 29. a3 Ba6 ({Black should play} 29... Ba5 $15) 30. b4 Bb7 (30... axb3 $1 $11 31. Rxb3 Ba5) 31. Ne4 $16 Nxb4 32. Nxf6+ Kf7 33. axb4 Kxf6 34. Bf2 {Black must now prevent Bh4+.} Kf7 {[#]} 35. d5 (35. Rc3 $1 $16) 35... Bxf2 $11 36. dxe6+ Ke7 37. Rxd8 Kxd8 38. Rd1+ Ke8 {Strongly threatening ...Be3.} 39. Kb2 Bf3 40. Rd2 Bg1 41. f5 gxf5 ({Don't blunder} 41... Bxg4 $2 42. fxg6 Bf5 43. g7 $18) 42. gxf5 {And now f6 would win.} Bg4 43. Rd5 Be3 44. Rxb5 {Hoping for Rb8+.} Bxh6 45. Rb8+ Ke7 46. Rb7+ Ke8 $2 {[%mdl 8192]} (46... Kd8 $11) 47. Rxh7 $2 (47. f6 $18 {[%cal Rb7b8]} Bf4 48. Rg7 (48. Rxh7 Be5+ {[%mdl 64] Double Attack} 49. Ka3 Bxf6 $11) 48... Bxe6 49. Re7+ {[%mdl 64] Double Attack} Kf8 50. Rxe6) 47... Bf8 {The position is equal.} 48. f6 {Threatens to win with e7.} Bxe6 49. Ka3 Bd7 50. Rh5 Kf7 51. Rh7+ Ke8 52. Rxd7 {[%mdl 64] Remove Defender} Kxd7 53. Kxa4 Bxb4 54. Kxb4 Ke6 55. f7 Kxf7 {Accuracy: White = 69%, Black = 66%.} 1/2-1/2

[Event "Offerspill Invitational 2020"]
[Site "Oslo"]
[Date "2020.06.15"]
[Round "6.4"]
[White "Notkevich, Benjamin Arvola"]
[Black "Gjestemoen-VonHirsch, Andre"]
[Result "1-0"]
[WhiteElo "2476"]
[BlackElo "2077"]
[Annotator "TA"]
[PlyCount "69"]
[EventDate "2020.06.10"]
[EventType "swiss"]
[EventCountry "NOR"]
[SourceTitle "playchess.com"]
[Source "ChessBase"]
[SourceQuality "1"]

{[%evp 9,69,18,27,12,19,0,0,-27,173,176,176,170,179,179,232,208,220,181,197,188,194,197,205,184,196,181,292,277,281,275,641,632,493,415,654,496,643,650,639,631,540,400,400,327,766,403,777,756,761,746,925,894,2569,1884,1884,1864,1806,1804,1640,1640,926,886]} 1. c4 e5 2. Nc3 Nf6 3. g3 c6 4. d4 e4 5. Bg5 Bb4 $1 6. Bg2 {A23: English Opening: 1...e5 2 Nc3 Nf6 3 g3 c6.} d5 7. Qb3 Bxc3+ $1 8. bxc3 {[#] The position is equal.} Be6 $146 (8... Nbd7 $1 $11 {and Black stays safe.}) ({Predecessor:} 8... Nbd7 9. f3 h6 10. Bxf6 Nxf6 11. fxe4 Nxe4 12. cxd5 cxd5 13. Qb5+ Qd7 14. Qxd7+ Bxd7 {½-½ (51) Balog,I (2559)-Balogh,C (2629) Hungary 2019}) 9. Bxf6 $1 $18 (9. Qxb7 $6 Nbd7 $14) 9... gxf6 10. Qxb7 Nd7 {[#]} 11. Nh3 $1 (11. Qxc6 $6 Qa5 $11) 11... Qa5 {[#]} (11... Qc8 $142 12. Qxc8+ Rxc8) 12. O-O $1 (12. Qxa8+ $2 {perishes.} Ke7 $19) 12... Ke7 {aiming for ...Rab8.} 13. Nf4 ({Much less strong is} 13. Qxc6 $6 Rhc8 $16) 13... Rhc8 {Hoping for ...Rab8.} 14. Qb2 Nb6 15. Nxe6 fxe6 16. c5 Nc4 17. Qc1 Rab8 (17... Qd8 $142 18. Rb1 Rab8) 18. Qh6 Rf8 19. Rab1 {Rxb8 is the strong threat.} (19. Qxh7+ Rf7 $16) 19... Rb2 $2 (19... Qc7 20. f3 e3 21. Rxb8 (21. Qxh7+ Rf7 $18) 21... Qxb8 22. Qxh7+ Rf7) 20. Rxb2 Nxb2 21. Qf4 Rd8 (21... f5 $142 22. Qd6+ {[%mdl 64] Double Attack} Kf7 23. Qxc6 Qxc3 24. Qd7+ Kf6) 22. Qg4 Rf8 23. Bh3 f5 24. Qh4+ Rf6 25. Qxh7+ Rf7 26. Qh4+ Rf6 $2 (26... Kd7 27. Qh6 Nc4) 27. Qf4 Rf7 (27... Kf7 $142 28. Qb8 Qb5 29. Qxa7+ Kg6) 28. Rb1 {White is clearly winning.} Qxc3 29. Qb8 Qxd4 30. Rxb2 Rg7 31. Rb7+ {[%mdl 64] Double Attack} Kf6 32. Qf8+ Kg6 33. Rxg7+ Qxg7 34. Qxg7+ Kxg7 35. e3 {Black got outplayed after the opening. Accuracy: White = 79%, Black = 36%.} 1-0

[Event "Offerspill Invitational 2020"]
[Site "Oslo"]
[Date "2020.06.15"]
[Round "6.5"]
[White "Holm, Kristian Stuvik"]
[Black "Risting, Eivind Olav"]
[Result "1/2-1/2"]
[WhiteElo "2462"]
[BlackElo "2300"]
[Annotator "TA"]
[PlyCount "49"]
[EventDate "2020.06.10"]
[EventType "swiss"]
[EventCountry "NOR"]
[SourceTitle "playchess.com"]
[Source "ChessBase"]
[SourceQuality "1"]

{[%evp 23,49,8,10,2,16,4,13,0,2,-14,-17,-8,22,16,16,9,13,0,0,15,4,4,4,13,14,0,11,3]} 1. c4 Nf6 2. Nc3 e5 3. g3 d5 4. cxd5 Nxd5 5. Bg2 Nb6 6. d3 Be7 7. Be3 O-O 8. Rc1 Re8 9. Nf3 Nc6 10. O-O Be6 11. a3 Nd5 12. Nxd5 Bxd5 {The position is equal.} 13. Qa4 {A29: English Opening: Four Knights Variation with 4 g3.} a6 14. Rfe1 h6 {[#]} 15. h4 $146 ({Predecessor:} 15. Nd2 Bxg2 16. Kxg2 Qd5+ 17. Qe4 Rad8 18. Rc2 f5 19. Qxd5+ Rxd5 20. Rec1 Bd6 21. Nc4 {½-½ (83) Giri,A (2779)-Karjakin,S (2748) Riga 2019}) 15... f5 16. Nd2 Bxg2 17. Kxg2 {[#] And now Qb3+ would win.} Qd5+ 18. f3 Rad8 19. Qb3 Qxb3 20. Nxb3 Rd5 21. Bc5 Bf6 22. Rc2 e4 23. dxe4 fxe4 24. f4 g5 25. hxg5 {An uneventful encounter. Accuracy: White = 100%, Black = 91%.} 1/2-1/2

[Event "Offerspill Invitational 2020"]
[Site "Oslo"]
[Date "2020.06.15"]
[Round "6.6"]
[White "Sjoberg, Isak"]
[Black "Mihajlov, Sebastian"]
[Result "0-1"]
[WhiteElo "2189"]
[BlackElo "2389"]
[Annotator "TA"]
[PlyCount "60"]
[EventDate "2020.06.10"]
[EventType "swiss"]
[EventCountry "NOR"]
[SourceTitle "playchess.com"]
[Source "ChessBase"]
[SourceQuality "1"]

{[%evp 23,60,20,35,-28,-33,-251,-229,-262,-250,-261,-270,-359,-373,-376,-376,-376,-373,-366,-369,-512,-412,-401,-217,-215,-216,-206,-200,-212,-213,-335,-316,-381,-381,-373,-379,-547,-544,-505,-442]} 1. e4 e6 2. d4 d5 3. Nd2 Nf6 4. e5 Nfd7 5. c3 c5 6. f4 Nc6 7. Ndf3 Qb6 8. g3 f6 9. Bh3 Be7 10. Ne2 cxd4 11. cxd4 O-O 12. Bxe6+ Kh8 13. Bxd5 {C05: French Tarrasch: 3...Nf6 4 e5 Nfd7, 5 f4 and 5 Bd3 sidelines.} (13. exf6 $1 $14 Nxf6 14. Bxc8 Bb4+ 15. Kf1 Raxc8 16. a3) 13... fxe5 $11 {Strongly threatening ...Qa5+.} 14. fxe5 $2 (14. Bxc6 $15 Qxc6 15. O-O) 14... Ndxe5 $19 15. O-O {Black is clearly better.} (15. Nxe5 Nxe5 16. Bf4 Bg4) 15... Bh3 16. Nxe5 Bxf1 ({Not} 16... Rxf1+ 17. Qxf1 Bxf1 18. Nf7+ Kg8 19. Ne5+ Kh8 20. Nf7+ Kg8 21. Ne5+ Kh8 $11) 17. Nf7+ {[#]} Rxf7 $1 {[%mdl 512]} 18. Bxf7 Bxe2 $1 19. Qxe2 {[#]} Nxd4 $146 ({Predecessor:} 19... Rf8 20. Bb3 Nxd4 21. Qxe7 Ne2+ 22. Kg2 Qf2+ 23. Kh3 Ng1+ 24. Kh4 Qxh2+ {0-1 (24) Amiri,P-Gleizerov,E (2550) Teheran 2005}) 20. Qf2 Qc6 21. Bh5 ({Don't go for} 21. Qxd4 $2 Bc5 $1 $19 {[%mdl 512]}) 21... Rf8 22. Qg2 ({Avoid the trap} 22. Qxd4 $2 Bc5 $1 $19 {[%mdl 512]}) 22... Bc5 (22... Qb5 $142 23. Be3 Nf5) 23. Qxc6 Nxc6+ 24. Kg2 Rf2+ 25. Kh3 {[#]} Rf1 $1 26. Kg2 (26. a3 $142) 26... Rg1+ 27. Kf3 g6 28. Bg4 Ne5+ 29. Ke4 (29. Kf4 {is the only way for White.} Nd3+ 30. Ke4 Nxc1 31. Bf3) 29... Nxg4 30. b4 Nf6+ {White got outplayed after the opening. Accuracy: White = 36%, Black = 86%.} 0-1

[Event "Offerspill Invitational 2020"]
[Site "Oslo"]
[Date "2020.06.15"]
[Round "6.7"]
[White "Kaasen, Tor Fredrik"]
[Black "Vestby-Ellingsen, Mads"]
[Result "1/2-1/2"]
[WhiteElo "2401"]
[BlackElo "2351"]
[Annotator "TA"]
[PlyCount "94"]
[EventDate "2020.06.10"]
[EventType "swiss"]
[EventCountry "NOR"]
[SourceTitle "playchess.com"]
[Source "ChessBase"]
[SourceQuality "1"]

{[%evp 13,94,15,45,23,41,31,30,32,21,20,29,30,32,31,37,8,54,43,78,61,68,68,69,67,88,76,70,72,82,47,47,20,60,64,91,90,84,73,67,72,93,120,96,39,39,0,-27,-14,46,24,37,-14,-6,-81,0,0,10,-68,0,0,0,-31,0,0,2,-45,-56,-88,-96,-83,-48,-229,-167,-215,-223,-173,-118,-129,-56,-47,-18,-45,-54]} 1. e4 c5 2. Nf3 e6 3. d4 cxd4 4. Nxd4 Nc6 5. Nc3 Qc7 6. g3 a6 7. Bg2 h5 8. O-O {B47: Sicilian: Taimanov: 5 Nc3 Qc7 6 f4, 6 g3 and 6 Be2.} h4 9. Re1 hxg3 10. hxg3 {White has an edge.} d6 11. Nxc6 bxc6 12. e5 {Hoping for exd6.} d5 $1 13. Na4 $36 {[%mdl 2048] White is pushing.} Ne7 14. Bd2 Nf5 15. c4 {[#]} Qa7 $146 ({Predecessor:} 15... Be7 16. Rc1 Qd8 17. Bc3 a5 18. b3 Kf8 19. c5 Ra7 20. Qg4 Kg8 21. Rcd1 Qf8 {0-1 (49) Sanchez Vigon,D (2220)-Domingo Nunez,A (2373) Linares 2018}) 16. Rc1 {Black must now prevent cxd5.} Bd7 17. Ba5 Rb8 18. c5 g6 19. Bb6 Qb7 20. Rc3 Bc8 21. Rb3 Qe7 22. Qg4 Rh5 23. Nc3 Qg5 24. Qxg5 Rxg5 {[#]} 25. Ne2 $1 {Threatens to win with f4.} Ne7 26. Nd4 Bg7 27. f4 Rh5 28. Bf1 (28. Nf3 $16) 28... g5 $1 $14 29. Kg2 (29. Be2 $14 Rh8 30. Kg2) 29... gxf4 $11 30. gxf4 Kd7 (30... Bh6 $11) 31. Rg3 Bh6 $1 {[%cal Rh6f4]} 32. Rg4 (32. Be2 $14 Rh4 33. Rg4 Rxg4+ 34. Bxg4) 32... Ng6 33. Ne2 (33. Be2 $11 {keeps the balance.} Bxf4 34. Rxg6 Rh2+ 35. Kf3 Bxe5 36. Rg4) 33... Rh4 (33... Bb7 $17) 34. Rxh4 Nxh4+ 35. Kf2 (35. Kg3 $1 $11 Ng6 36. Bh3) 35... Bb7 (35... Ng6 $15) 36. Bh3 {With the idea Rh1.} Ng6 37. Kf3 (37. Rh1 $5 {[%cal Rh3e6]} Bxf4 38. Nxf4 Nxf4 39. Bf1 $11) 37... Rg8 38. Rh1 {Strongly threatening Bxe6+!} Bf8 39. Ke3 (39. Bf1 {with more complications.} a5 40. Ng3 Be7 41. Rh7 Nf8 42. Rh6) 39... Rh8 40. Bg2 Rxh1 41. Bxh1 a5 {[%cal Ba6a5,Ba5a4][%mdl 32]} 42. Kf3 $2 (42. Bf3 $15) 42... Ba6 43. Ng3 {[#]} a4 $1 44. Nh5 Bd3 (44... Bc4 $19 45. a3 Kc8) 45. Kg3 Bh6 (45... Bc4 $17 46. a3 Kc8) 46. Bf3 $15 Bc2 47. Be2 Kc8 {Accuracy: White = 61%, Black = 70%.} 1/2-1/2

[Event "Offerspill Invitational 2020"]
[Site "Oslo"]
[Date "2020.06.15"]
[Round "6.8"]
[White "Pena Riasco, Alexander"]
[Black "Kvaloy, Aksel Bu"]
[Result "0-1"]
[WhiteElo "2115"]
[BlackElo "2164"]
[Annotator "TA"]
[PlyCount "74"]
[EventDate "2020.06.10"]
[EventType "swiss"]
[EventCountry "NOR"]
[SourceTitle "playchess.com"]
[Source "ChessBase"]
[SourceQuality "1"]

{[%evp 9,74,-6,-7,-14,1,-19,-5,-10,-8,-10,-9,-12,9,0,2,-20,-29,-36,-28,-66,-66,-66,-52,-66,-62,-62,-65,-87,-80,-93,-107,-157,-159,-188,-187,-172,-172,-162,-161,-162,-158,-399,-379,-698,-698,-673,-679,-675,-672,-632,-637,-630,-617,-577,-556,-568,-462,-766,-715,-1075,-1092,-2708,-2589,-2142,-2171,-29973,-29970]} 1. d4 Nf6 2. Bf4 e6 3. e3 d5 4. Nd2 Bd6 5. Bg3 O-O 6. Bd3 {D00: 1 d4 d5: Unusual lines.} c5 7. c3 Qc7 8. Bxd6 {The position is equal.} Qxd6 9. f4 b6 10. Ngf3 Bb7 11. O-O {[#]} Ne4 $146 ({Predecessor:} 11... Nc6 12. Ne5 Ne7 13. Qf3 a5 14. g4 Ba6 15. Bxa6 Rxa6 16. f5 exf5 17. gxf5 Nc6 18. Ng4 Nxg4 19. Qxg4 {1-0 (32) Williams,S (2444)-Fontaine,Q (2270) Novi Sad 2016}) 12. Bxe4 dxe4 13. Ng5 Qd5 14. Rf2 cxd4 15. cxd4 f5 $1 16. Nb1 Na6 17. Nc3 Qd7 18. Qb3 Nc7 19. Rc2 Nd5 20. Nxd5 Bxd5 21. Qa3 Rfc8 22. Rac1 Rxc2 23. Rxc2 h6 24. Nh3 Rc8 $36 {[%mdl 2048] Black is really pushing.} 25. Rxc8+ $2 {[#] This move loses the game for White.} (25. Rc3 $17) 25... Qxc8 $19 26. Qc3 $2 (26. Kh1 Qc2 27. g3) 26... Qxc3 27. bxc3 {If only White now had time for a3....} Bxa2 {[%mdl 4096] Endgame KB-KN} 28. Kf2 a5 {[%cal Ba7a5,Ba5a4,Ba4a3][%mdl 32]} 29. Ke1 a4 30. Kd2 Bb3 31. Nf2 a3 {[#] ( -> ...a2)} 32. Kc1 Bc4 33. g4 (33. Kb1 $142 Kf8 34. h3) 33... Kf7 34. Nh1 g5 35. Ng3 gxf4 36. exf4 e3 37. gxf5 e2 {Accuracy: White = 50%, Black = 100%.} 0-1

[Event "Offerspill Invitational 2020"]
[Site "Oslo"]
[Date "2020.06.15"]
[Round "6.10"]
[White "Nilsen, Tobias Lang"]
[Black "Ranaldi, Lucas"]
[Result "0-1"]
[WhiteElo "2170"]
[BlackElo "2353"]
[Annotator "TA"]
[PlyCount "38"]
[EventDate "2020.06.10"]
[EventType "swiss"]
[EventCountry "NOR"]
[SourceTitle "playchess.com"]
[Source "ChessBase"]
[SourceQuality "1"]

{[%evp 9,38,20,22,20,12,18,22,-8,-8,-7,56,56,48,-6,55,-9,37,0,-1,0,20,0,35,-29,-30,-34,-33,-56,-28,-560,-541]} 1. e4 c6 2. Nc3 d5 3. Nf3 Nf6 4. e5 Ne4 5. Ne2 Qb6 {[%csl Ge4][%cal Rb6f2] [#]} 6. d4 {B11: Caro-Kann: Two Knights Variation.} e6 7. Ng3 c5 8. Bd3 {The position is equal. 8.Bd3 scores better than 8.c3.} Nxg3 $1 9. fxg3 Be7 (9... Nc6 $11) 10. O-O $14 Nc6 11. a3 ({White should try} 11. dxc5 $14 Bxc5+ 12. Kh1) 11... Bd7 {[#]} (11... cxd4 $11 12. Qe2 h6) 12. Kh1 $146 (12. dxc5 $1 $14 Bxc5+ 13. Kh1) ({Predecessor:} 12. dxc5 Qxc5+ 13. Kh1 O-O-O 14. b4 Qb6 15. Qe2 f6 16. c4 dxc4 17. Bxc4 fxe5 18. Be3 {½-½ (74) Ongut,T (2164)-Sernecki,F (2285) Budapest 2019}) 12... h6 13. g4 cxd4 14. Qe2 O-O-O 15. b4 f6 16. Bb2 (16. Bf4 $14) 16... Qc7 $36 {[%cal Rc6e5][%mdl 2048] Black is pushing.} 17. exf6 Bxf6 {Hoping for ...e5.} 18. b5 Ne5 19. Bxd4 $2 {[%mdl 8192] [#]} (19. Nxd4 $11 Kb8 20. Rae1) 19... Nxf3 {[%mdl 64] Discovered Attack. Accuracy: White = 49%, Black = 59%.} 0-1

[Event "Offerspill Invitational 2020"]
[Site "Oslo"]
[Date "2020.06.16"]
[Round "7.1"]
[White "Johansson, Linus"]
[Black "Djurhuus, Rune"]
[Result "0-1"]
[WhiteElo "2476"]
[BlackElo "2437"]
[Annotator "TA"]
[PlyCount "82"]
[EventDate "2020.06.10"]
[EventType "swiss"]
[EventCountry "NOR"]
[SourceTitle "playchess.com"]
[Source "ChessBase"]
[SourceQuality "1"]

{[%evp 9,82,22,27,19,47,52,47,33,41,33,33,31,39,54,30,21,26,21,20,0,0,0,22,0,0,-6,0,-6,-6,-6,0,14,0,0,8,0,0,0,0,-50,0,-218,-189,-269,-260,-255,-249,-231,-87,-1478,-1487,-1441,-789,-1389,-1341,-1891,-1849,-2102,-2099,-1962,-1210,-1870,-1890,-1570,-1555,-1438,-1453,-1404,-1352,-1564,-1557,-1493,-1420,-1548,-1337]} 1. d4 Nf6 2. c4 d6 3. Nc3 Nbd7 4. e4 e5 5. d5 Nc5 6. Bd3 {A53: Old Indian Defence without Nf3.} Be7 7. Bc2 O-O 8. h3 {White is slightly better.} c6 9. Nf3 cxd5 10. cxd5 b5 11. b4 {[#]} Ncd7 $146 ({Predecessor:} 11... Na6 12. a3 Bd7 13. Bd3 Qb8 14. Be3 Qb7 15. O-O Rac8 16. Rc1 Nc7 17. Nd2 Nfe8 {1-0 (40) Reiter,H (1980)-Laske,E (2025) Austria 1998}) 12. Be3 Nb6 13. Nd2 Bd7 14. Bd3 a6 15. O-O Ne8 16. Nb3 Bg5 17. Qd2 Bxe3 18. Qxe3 Rc8 $36 {[%mdl 2048] White is under pressure.} 19. Rac1 Nc4 20. Bxc4 Rxc4 21. a3 f5 $1 22. Na5 f4 23. Qf3 $1 Rc7 24. Ne2 Qh4 25. Nc6 $2 (25. Rxc7 $1 $11 Nxc7 26. Rc1) 25... h5 $1 $19 26. Nb8 {[#]} (26. Rfd1 {was worth a try.}) 26... Bg4 $1 {[%cal Rg4f3]} 27. hxg4 hxg4 28. Qd3 {[#]} Rf6 (28... Rcf7 $1 $19 {has better winning chances. Threatens to win with ...f3.} 29. f3 (29. Nxa6 $2 f3 $19) 29... g3) 29. Rfd1 $2 {[%mdl 8192] White does not recover from this.} (29. f3 $17 Rh6 30. fxg4) 29... Rh6 {[%csl Gh6][%cal Rh4h1] Black is clearly winning.} 30. Kf1 Qh1+ 31. Ng1 Rh2 32. Ke2 Qxg2 {[%csl Gh2][%cal Rg2f2]} 33. Kd2 Qxf2+ 34. Ne2 f3 {[%mdl 64] Pin} 35. Rxc7 Qxe2+ 36. Qxe2 Rxe2+ 37. Kd3 Nxc7 38. Nc6 Kf7 39. Rc1 Ne8 40. Nd8+ Kg6 41. Ne6 g3 {Accuracy: White = 66%, Black = 81%.} 0-1